000 00459 a2200169 4500
003 OSt
005 20231218142020.0
008 231218b |||||||| |||| 00| 0 eng d
020 _a9789350000809
040 _coclc
082 _a891.433
_bPRE/K
100 _aPremchand
_95683
245 _aKARBALA /
_cPremchand
260 _aNew Delhi:
_bVani Prakashan,
_c2020.
300 _a200p
942 _2ddc
_cBK
_h891.433
_iPRE/K
_k891.433
_mPRE/K
999 _c43474
_d43474